[Event "Stay Safe Play From Home 343"]
[Site "Emanuel Lasker Arena"]
[Date "2020.07.30"]
[Round "4"]
[White "Edmatuag"]
[Black "Oznog"]
[Result "0-1"]
[WhiteElo "1732"]
[BlackElo "1768"]
[Annotator "NA RC"]
[PlyCount "92"]
[EventDate "2020.07.30"]
[EventType "swiss (blitz)"]

1. d3 {[%emt 0:00:02]} c5 {[%emt 0:00:01]} 2. c3 {[%emt 0:00:01]} Nf6 {[%emt 0:00:00]} 3. Nd2 {[%emt 0:00:00]} e6 {[%emt 0:00:00]} 4. Qc2 {[%emt 0:00:00]} d5 {[%emt 0:00:00]} 5. g3 {[%emt 0:00:00]} Nc6 {[%emt 0:00:01]} 6. Bg2 {[%emt 0:00:01]} Be7 {[%emt 0:00:00]} 7. e4 {[%emt 0:00:01]} O-O {[%emt 0:00:00]} 8. Ne2 {[%emt 0:00:01]} dxe4 {[%emt 0:00:01]} 9. dxe4 {[%emt 0:00:02]} e5 {[%emt 0:00:01]} 10. O-O {[%emt 0:00:01]} Be6 {[%emt 0:00:00]} 11. f4 {[%emt 0:00:03]} exf4 {[%emt 0:00:01]} 12. gxf4 {[%emt 0:00:00]} Bg4 {[%emt 0:00:01]} 13. Nf3 {[%emt 0:00:02]} Qc8 {[%emt 0:00:02]} 14. Ng3 {[%emt 0:00:02]} Bh3 {[%emt 0:00:01]} 15. f5 {[%emt 0:00:02]} Bxg2 {[%emt 0:00:01]} 16. Kxg2 {[%emt 0:00:00]} Bd6 {[%emt 0:00:02]} 17. Be3 {[%emt 0:00:06]} Rd8 {[%emt 0:00:03]} 18. Rad1 {[%emt 0:00:01]} Be5 {[%emt 0:00:02]} 19. Nxe5 {[%emt 0:00:02]} Nxe5 {[%emt 0:00:01]} 20. Bf4 {[%emt 0:00:01]} Neg4 {[%emt 0:00:02]} 21. Rxd8+ {[%emt 0:00:02]} Qxd8 {[%emt 0:00:01]} 22. Rd1 {[%emt 0:00:00]} Qb6 {[%emt 0:00:06]} 23. Qe2 {[%emt 0:00:01]} Re8 {[%emt 0:00:04]} 24. h3 {[%emt 0:00:05]} Ne5 {[%emt 0:00:01]} 25. Bxe5 {[%emt 0:00:06]} Rxe5 {[%emt 0:00:00]} 26. Qd2 {[%emt 0:00:00]} Re8 {[%emt 0:00:05]} 27. b3 {[%emt 0:00:01]} Qc6 {[%emt 0:00:02]} 28. Qd3 {[%emt 0:00:02]} Nxe4 {[%emt 0:00:01]} 29. Nxe4 {[%emt 0:00:03]} g6 {[%emt 0:00:02]} 30. Re1 {[%emt 0:00:02]} gxf5 {[%emt 0:00:02]} 31. Qf3 {[%emt 0:00:02]} fxe4 {[%emt 0:00:02]} 32. Qg4+ {[%emt 0:00:01]} Qg6 {[%emt 0:00:01]} 33. Kh2 {[%emt 0:00:00]} Qxg4 {[%emt 0:00:01]} 34. hxg4 {[%emt 0:00:00]} e3 {[%emt 0:00:00]} 35. Kg3 {[%emt 0:00:00]} Kg7 {[%emt 0:00:01]} 36. Kf3 {[%emt 0:00:00]} Kf6 {[%emt 0:00:00]} 37. Rxe3 {[%emt 0:00:00]} Rxe3+ {[%emt 0:00:00]} 38. Kxe3 {[%emt 0:00:00]} Kg5 {[%emt 0:00:00]} 39. Kf3 {[%emt 0:00:00]} f5 {[%emt 0:00:00]} 40. Kg3 {[%emt 0:00:00]} fxg4 {[%emt 0:00:01]} 41. Kg2 {[%emt 0:00:01]} h5 {[%emt 0:00:00]} 42. b4 {[%emt 0:00:01]} h4 {[%emt 0:00:00]} 43. bxc5 {[%emt 0:00:02]} g3 {[%emt 0:00:00]} 44. Kh3 {[%emt 0:00:01]} Kf4 {[%emt 0:00:01]} 45. Kg2 {[%emt 0:00:00]} Kg4 {[%emt 0:00:02]} 46. Kg1 {[%emt 0:00:01]} h3 {[%emt 0:00:00] Time (Lag: Av=0.66s, max=1.0s)} 0-1

[Event "Stay Safe Play From Home 343"]
[Site "Emanuel Lasker Arena"]
[Date "2020.07.30"]
[Round "4"]
[White "Psvidyarthi"]
[Black "Mamba2001de"]
[Result "0-1"]
[WhiteElo "1620"]
[BlackElo "1488"]
[Annotator "NA"]
[PlyCount "52"]
[EventDate "2020.07.30"]
[EventType "swiss (blitz)"]

1. e4 {[%emt 0:00:01]} e6 {[%emt 0:00:01]} 2. d4 {[%emt 0:00:01]} d5 {[%emt 0:00:01]} 3. exd5 {[%emt 0:00:00]} exd5 {[%emt 0:00:01]} 4. c4 {[%emt 0:00:00]} Nf6 {[%emt 0:00:01]} 5. Nc3 {[%emt 0:00:01]} c6 {[%emt 0:00:01]} 6. Nf3 {[%emt 0:00:00]} Bg4 {[%emt 0:00:01]} 7. c5 {[%emt 0:00:01]} Be7 {[%emt 0:00:01]} 8. Be2 {[%emt 0:00:00]} Nbd7 {[%emt 0:00:01]} 9. O-O {[%emt 0:00:01]} O-O {[%emt 0:00:01]} 10. h3 {[%emt 0:00:01]} Bh5 {[%emt 0:00:01]} 11. g4 {[%emt 0:00:02]} Bg6 {[%emt 0:00:01]} 12. Bg5 {[%emt 0:00:01]} Ne4 {[%emt 0:00:02]} 13. Bxe7 {[%emt 0:00:03]} Qxe7 {[%emt 0:00:01]} 14. Bd3 {[%emt 0:00:07]} Rfe8 {[%emt 0:00:01]} 15. Re1 {[%emt 0:00:05]} Qf6 {[%emt 0:00:01]} 16. Qc2 {[%emt 0:00:08]} Qf4 {[%emt 0:00:01]} 17. Bxe4 {[%emt 0:00:05]} dxe4 {[%emt 0:00:02]} 18. Ne5 {[%emt 0:00:03]} Nxe5 {[%emt 0:00:03]} 19. dxe5 {[%emt 0:00:04]} Rxe5 {[%emt 0:00:01]} 20. Re2 {[%emt 0:00:07]} Rae8 {[%emt 0:00:02]} 21. Rae1 {[%emt 0:00:01]} e3 {[%emt 0:00:01]} 22. fxe3 {[%emt 0:00:01]} Bxc2 {[%emt 0:00:01]} 23. exf4 {[%emt 0:00:02]} Rxe2 {[%emt 0:00:01]} 24. Rxe2 {[%emt 0:00:01]} Rxe2 {[%emt 0:00:01]} 25. Nxe2 {[%emt 0:00:00]} Bd3 {[%emt 0:00:01]} 26. Kf2 {[%emt 0:00:02]} Bc4 {[%emt 0:00:01] TimeW} 0-1

[Event "Stay Safe Play From Home 343"]
[Site "Emanuel Lasker Arena"]
[Date "2020.07.30"]
[Round "4"]
[White "Trotsky"]
[Black "Klasman"]
[Result "1-0"]
[WhiteElo "1465"]
[BlackElo "1323"]
[Annotator "NA RC"]
[PlyCount "45"]
[EventDate "2020.07.30"]
[EventType "swiss (blitz)"]

1. d4 {[%emt 0:00:01]} f5 {[%emt 0:00:01]} 2. e3 {[%emt 0:00:00]} Nf6 {[%emt 0:00:01]} 3. c4 {[%emt 0:00:01]} e6 {[%emt 0:00:01]} 4. Nc3 {[%emt 0:00:01]} c6 {[%emt 0:00:01]} 5. Bd3 {[%emt 0:00:01]} Bb4 {[%emt 0:00:02]} 6. Qc2 {[%emt 0:00:01]} d5 {[%emt 0:00:01]} 7. c5 {[%emt 0:00:01]} Bxc3+ {[%emt 0:00:03]} 8. bxc3 {[%emt 0:00:01]} Ne4 {[%emt 0:00:01]} 9. Nf3 {[%emt 0:00:01]} Qa5 {[%emt 0:00:01]} 10. Bd2 {[%emt 0:00:02]} Qd8 {[%emt 0:00:03]} 11. h4 {[%emt 0:00:01]} O-O {[%emt 0:00:02]} 12. Ng5 {[%emt 0:00:01]} Nxg5 {[%emt 0:00:04]} 13. hxg5 {[%emt 0:00:01]} Qxg5 {[%emt 0:00:01]} 14. O-O-O {[%emt 0:00:01]} Na6 {[%emt 0:00:05]} 15. e4 {[%emt 0:00:01]} fxe4 {[%emt 0:00:02]} 16. Bxg5 {[%emt 0:00:02]} exd3 {[%emt 0:00:01]} 17. Qxd3 {[%emt 0:00:01]} Rxf2 {[%emt 0:00:01]} 18. Qxh7+ {[%emt 0:00:01]} Kf8 {[%emt 0:00:02]} 19. Qh8+ {[%emt 0:00:01]} Kf7 {[%emt 0:00:01]} 20. Rh7 {[%emt 0:00:03]} Rc2+ {[%emt 0:00:05]} 21. Kxc2 {[%emt 0:00:02]} Nb4+ {[%emt 0:00:02]} 22. cxb4 {[%emt 0:00:02]} a5 {[%emt 0:00:02]} 23. Rxg7# {[%emt 0:00:03] (Lag: Av=0.40s, max=0.7s)} 1-0

[Event "Stay Safe Play From Home 343"]
[Site "Emanuel Lasker Arena"]
[Date "2020.07.30"]
[Round "5"]
[White "NTBT_DHS"]
[Black "Hickey"]
[Result "1-0"]
[WhiteElo "2597"]
[BlackElo "2031"]
[Annotator "TA"]
[PlyCount "95"]
[EventDate "2020.07.30"]
[EventType "swiss (blitz)"]

{[%evp 10,95,22,31,40,42,59,59,81,39,115,109,163,156,193,193,190,187,401,239,396,232,238,245,355,216,287,284,326,317,308,264,251,257,257,262,263,181,266,194,261,243,564,553,555,548,536,543,531,527,465,164,168,101,106,108,186,98,214,38,193,147,425,395,454,453,887,414,539,522,728,382,5544,4627,5526,5526,5526,4342,4024,2185,912,0,29972,29973,29969,4627,29999,0]} 1. d4 Nf6 2. c4 e6 3. Nf3 Bb4+ 4. Bd2 Qe7 5. g3 O-O 6. Bg2 a5 {E11: Bogo-Indian.} 7. O-O d5 8. Qc2 {[#]} b6 $146 {White is slightly better.} ({Predecessor:} 8... Bxd2 9. Nbxd2 c6 10. e4 dxe4 11. Nxe4 Nxe4 12. Qxe4 Nd7 13. Rfe1 Rd8 14. Rad1 Nf6 15. Qc2 {0-1 (56) Minzer,C (2452)-Munoz Agullo,J (2254) Palma de Mallorca 2012}) 9. Rc1 Bb7 (9... Bxd2 $14 10. Nbxd2 Na6) 10. cxd5 $16 {[%mdl 64] Discovered Attack} Bxd2 (10... Bxd5 $16 11. Qxc7 Qxc7 12. Rxc7 Nc6) 11. Nbxd2 $18 Nxd5 12. e4 Nb4 13. Qxc7 N8c6 $2 (13... Qxc7 14. Rxc7 Ra7) 14. Qxb6 (14. Qxe7 $142 Nxe7 15. Rc7 {[%mdl 64] Double Attack}) 14... Rfb8 $2 (14... Qd8 15. Qxb7 Rb8 16. Qxc6 Nxc6) 15. Qc5 (15. a3 $142) 15... Qxc5 16. Rxc5 Nd3 (16... Rd8 $142 17. a3 Nd3) 17. Rc2 Ncb4 18. Rc7 Nxb2 19. Ne5 Ba6 20. Nxf7 ({Don't do} 20. Rxf7 N2d3 $18) 20... Rc8 21. Rxc8+ Rxc8 22. Ng5 Rc2 23. Ndf3 N4d3 (23... Nxa2 {keeps fighting.} 24. Bh3 (24. Nxe6 Rc1+ 25. Rxc1 Nxc1 $18) 24... Rc1+ 25. Rxc1 Nxc1 26. Bxe6+ Kf8) 24. Bf1 Bb7 (24... Bc8 $142 25. Ne1 Rc1 26. Rxc1 (26. Nxd3 $2 Rxa1 27. Nc5 a4 $19) 26... Nxc1) 25. Rb1 {Strongly threatening Bxd3.} ({Much less strong is} 25. Nxe6 $6 Bxe4 26. Ne1 Rc3 $18) 25... h6 $2 (25... Rc1) 26. Bxd3 Nxd3 27. Rxb7 {Rb8+ would kill now.} hxg5 28. Nxg5 {[%mdl 4096] Endgame White threatens Rb8+ and mate. KRN-KRN} g6 29. Nxe6 Nxf2 30. Nf4 $2 (30. e5) 30... Nxe4 31. Nxg6 (31. Re7 $18 g5 32. Rxe4 gxf4 33. g4 (33. gxf4 Rxa2 34. Re6 Rd2 $16)) 31... Rxa2 $16 32. Ne7+ Kh8 (32... Kf7 $16) 33. Nf5 ({White should play} 33. Ra7 $18) 33... a4 (33... Ng5 $16) 34. Ra7 $2 (34. h4 $1 $18) 34... a3 $2 (34... Ng5 $1 $14) 35. d5 Nf6 $2 {[%mdl 8192]} (35... Ng5 $16 {is a better defense.}) 36. d6 $18 Rd2 {intending ...a2.} 37. Rxa3 Rd5 {[#]} (37... Ne4 $142 38. d7 Rxd7) 38. Rf3 (38. g4 $142 $1 Rd1+ (38... Nxg4 39. Rh3+) 39. Kf2) 38... Rd1+ 39. Kg2 Ne4 40. g4 Nxd6 $2 (40... Rd2+ 41. Kf1 Kg8) 41. Nxd6 Rxd6 {KR-KR} 42. Kg3 Kg7 43. h4 Kg6 44. g5 Kh5 45. Rf6 $2 (45. Rf8 $18 {White wants to mate with Rh8+.} Rd3+ 46. Kf4) 45... Rd3+ $2 {[%mdl 8192] [#]} (45... Rxf6 $11 46. gxf6 Kg6) 46. Kf4 $1 {[%csl Gg5][%cal Rf6h6]} Rd4+ 47. Kf5 (47. Ke5 $142 Rd7 48. Rh6+ Kg4 49. Kf6 Kf4 50. g6 Rb7 51. Rh7 Rb3 52. g7 Rb6+ 53. Kf7 Rb7+ 54. Ke6 Rb6+ 55. Ke7 Rb7+ 56. Ke6 Rb6+ 57. Kd5) 47... Rd1 48. Kf4 $2 {[%mdl 32768] Accuracy: White = 42%, Black = 23%. . Sensor Board Error (Ke4/e5)?} (48. Rh6# {mates}) 1-0

[Event "Stay Safe Play From Home 343"]
[Site "Emanuel Lasker Arena"]
[Date "2020.07.30"]
[Round "5"]
[White "Little champs"]
[Black "SoulofWolf"]
[Result "1-0"]
[WhiteElo "2251"]
[BlackElo "2064"]
[Annotator "TA"]
[PlyCount "49"]
[EventDate "2020.07.30"]
[EventType "swiss (blitz)"]

{[%evp 9,48,0,2,-8,21,17,27,0,38,33,116,18,71,68,435,432,435,441,536,318,321,304,326,293,312,295,458,451,637,316,323,302,316,297,295,132,506,-561,-23,-29996,29999]} 1. e4 e6 2. d4 c5 3. Nc3 cxd4 4. Qxd4 Nc6 5. Qe3 a6 6. Nf3 {C01: French: Exchange Variation.} Bb4 7. a3 Ba5 {[#]} 8. Bc4 $146 {White has an edge.} ({Predecessor:} 8. b4 Bb6 9. Qd2 d6 10. Bb2 h6 11. Rd1 Bc7 12. Bd3 Nf6 13. O-O O-O 14. Ne2 {1-0 (31) Pavlovic,A (1657)-Radojicic,A (1873) Novi Sad 2018}) 8... Bb6 9. Qe2 Nf6 (9... Nge7 $14) 10. O-O (10. e5 $16 Ng8 11. O-O) 10... O-O (10... d6 $11 {remains equal.}) 11. Bg5 $36 {[%mdl 2048] Black must now prevent e5. Black is under pressure.} h5 $2 {[%mdl 8192]} (11... Qc7 $14) 12. e5 $18 Nxe5 13. Nxe5 ({Resist} 13. Qxe5 Ng4 $18) 13... Qc7 14. Bxf6 gxf6 15. Nf3 ({Weaker is} 15. Qxh5 Qxe5 16. Qg4+ Qg5 $11) 15... d5 16. Bb3 Qf4 17. Rad1 Bd7 {[#]} (17... Qh6 $142 18. Rfe1 Ba5) 18. Bxd5 $1 Rae8 (18... Rab8 $142 19. Be4 Rfd8) (18... exd5 19. Nxd5) 19. Ba2 (19. Bxb7 $142 Bc8 20. Bxc8 Rxc8 21. Qxa6) 19... Bc6 20. Rfe1 Kh8 21. Ne4 Rg8 22. g3 (22. Qd2 $18 Qxd2 23. Rxd2 (23. Nfxd2 f5 $16)) 22... f5 $2 {[%mdl 8192]} (22... Rg4 $16 {is a better chance.}) 23. Nd6 $4 {[%mdl 8192] [#]} (23. Nd4 $18 {avoids the disaster.} Rg4 24. Nf6 {[%mdl 64] Double Attack} Bxd4 25. Nxg4 Qxg4 26. Qxg4 Bxf2+ 27. Kxf2 hxg4 28. c4) 23... Bxf3 $2 ({Black should play} 23... Rxg3+ $1 $19 {[%mdl 512]} 24. Kf1 (24. hxg3 Qxg3+) 24... Rxf3 {[%mdl 64] Discovered Attack} 25. Qe5+ Qxe5 26. Rxe5 Rxf2+ 27. Ke1 Rg8 28. Nxf7+ Kh7 $1 {[%mdl 512]}) 24. Qd2 $2 {[%mdl 8192] [#]} (24. Nxf7+ $11 Kh7 25. Qe5 Qxe5 26. Nxe5 Bxd1 27. Rxd1) 24... Qg4 $4 {[%mdl 8192]} (24... Rxg3+ $1 {[%mdl 512]} 25. Kf1 {[#]} (25. hxg3 Qxg3+) 25... Rg1+ $1 {[%mdl 576] Discovered Attack, Decoy} 26. Kxg1 Qg4+ 27. Kf1 Qg2#) 25. Qh6# {Accuracy: White = 41%, Black = 21%.} 1-0

[Event "Stay Safe Play From Home 343"]
[Site "Emanuel Lasker Arena"]
[Date "2020.07.30"]
[Round "5"]
[White "TheCHESSHOUSE"]
[Black "Brinki"]
[Result "0-1"]
[WhiteElo "2164"]
[BlackElo "2095"]
[Annotator "TA"]
[PlyCount "78"]
[EventDate "2020.07.30"]
[EventType "swiss (blitz)"]

{[%evp 19,78,0,11,0,69,27,50,19,4,-24,0,0,0,0,0,0,0,0,5,0,27,0,122,75,59,0,0,0,0,0,0,0,92,93,93,0,0,-8,29,37,28,0,212,0,42,0,0,0,0,0,0,0,360,-902,-133,-125,-128,-262,-258,-242,-196]} 1. d4 g6 2. c4 Nf6 3. Nc3 d5 4. e3 Bg7 5. Nf3 O-O 6. b3 b6 7. Bb2 Bb7 8. Rc1 Nbd7 9. Be2 Rc8 10. O-O c5 11. h3 {[#] D94: Grünfeld: 4 Nf3 Bg7 5 e3.} Qc7 $146 ({Better is} 11... e6 $11) ({Predecessor:} 11... e6 12. Qc2 Qc7 13. Rfd1 Qb8 14. Qb1 a6 15. Na4 Ne4 16. Nd2 cxd4 17. Nxe4 dxe4 18. Bxd4 Bxd4 19. Rxd4 {1-0 (45) Dao,T (1982)-Nguy,T (1984) Da Lat 2013}) 12. cxd5 Nxd5 13. Nxd5 {White is slightly better.} (13. dxc5 {keeps more tension.} Qd8 14. Nxd5 Bxb2 15. Rc2 Nxc5 16. Nxe7+ Qxe7 17. Rxb2 Ne4 18. Nd4) 13... Bxd5 14. Qd2 Rfd8 (14... Qb7 {is more complex.} 15. Rfd1 Rfd8 16. Qe1 a5 17. Qf1 Qa8) 15. dxc5 Bxf3 16. Bxf3 {[#] Black must now prevent Bxg7.} Nxc5 17. Qe2 Bxb2 18. Qxb2 Qd6 {And now ...Nd3 would win.} 19. Rfd1 Qf6 20. Qa3 Kg7 (20... a5 $11) 21. b4 Ne6 22. Qxa7 ({White should try} 22. Rxc8 $14 Rxc8 23. Qxa7) 22... Rxc1 23. Rxc1 Qb2 24. Rf1 Qxb4 25. a3 $36 {[%mdl 2048] White has the initiative.} Qb2 (25... Qc5 $11) 26. Qxe7 $16 Rd2 27. Bg4 (27. h4 $16) 27... Nc5 $11 28. Qc7 h5 29. Bf3 Nd3 {[%cal Rd2f2]} 30. Bd5 Qf6 $2 {[#]} (30... Rxf2 $11 31. Rxf2 Qxf2+ {[%mdl 64] Double Attack} 32. Kh2 Ne1) 31. Bf3 $2 (31. Bxf7 $1 $18 {[%mdl 512] aiming for Bc4+.} Nc5 (31... Qxf7 32. Qc3+) 32. Bd5+ Kh6 33. Qc6) 31... Qb2 $14 {[%cal Rd2f2]} 32. Bd5 Rxf2 33. Rxf2 Qxf2+ {[%mdl 64] Double Attack} 34. Kh2 {Threatens to win with Qc3+.} Ne1 35. Qe5+ Qf6 $2 {[%mdl 8192]} (35... f6 $11 {and Black is okay.} 36. Qf4 Qxf4+ 37. exf4 Nc2) 36. Qe8 $4 {[%mdl 8192]} (36. Qxf6+ $18 Kxf6 37. Be4) 36... Nc2 $2 (36... Qd6+ $19 37. Kg1 Qxd5) 37. Qe4 $17 Nxa3 38. Qf3 (38. Qd3 $17) 38... Qxf3 $19 39. Bxf3 Kf6 {Accuracy: White = 39%, Black = 61%.} 0-1

[Event "Stay Safe Play From Home 343"]
[Site "Emanuel Lasker Arena"]
[Date "2020.07.30"]
[Round "5"]
[White "Stefanone"]
[Black "Edmatuag"]
[Result "1-0"]
[WhiteElo "2044"]
[BlackElo "1717"]
[Annotator "TA"]
[PlyCount "95"]
[EventDate "2020.07.30"]
[EventType "swiss (blitz)"]

{[%evp 9,95,29,42,19,43,44,112,30,40,29,163,110,99,14,12,5,100,-21,28,18,25,26,85,86,63,13,16,-60,0,-26,0,-12,90,-5,0,3,3,1,449,8,6,7,7,0,0,-3,-3,-5,-3,-14,0,-4,-4,-12,6,14,72,66,60,0,0,0,26,0,0,9,42,0,0,-317,-287,-163,-11,-462,19,19,19,19,19,-216,-216,-396,-40,-627,-564,-29987,-29988,-29995]} 1. d4 d6 2. e3 c6 3. f4 Nd7 4. Nf3 Qc7 {[#]} 5. Bc4 $146 ({Predecessor:} 5. c3 e5 6. dxe5 dxe5 7. Bc4 b5 8. Bxf7+ Kxf7 9. Qb3+ Ke8 10. Ng5 Nc5 11. Qc2 {½-½ (21) Arguello Cardoni,C (1617)-Serra,M (1541) Tacuari 2018}) 5... g6 6. Qe2 {A41: 1 d4 d6: Tartakower System and Modern Defence.} Bg7 7. e4 e5 ({Better is} 7... b5 $14 8. Bd3 Ngf6) 8. dxe5 (8. Ng5 $16 Nh6 9. Bxf7+ Nxf7 10. Ne6 {[%mdl 64] Double Attack}) 8... dxe5 $11 9. O-O Ne7 (9... Ngf6 $11) 10. Nc3 (10. Ng5 $1 $18 Rf8 11. Nxh7) 10... O-O $16 11. fxe5 (11. Ng5 $16) 11... Nxe5 $11 12. Nxe5 Bxe5 (12... Qxe5 $11 13. Bf4 Qc5+ 14. Kh1 b5) 13. g3 ({White should try} 13. Bh6 $16 b5 14. Bxf8 bxc4 15. Bh6) 13... Be6 14. Bxe6 $1 fxe6 15. Bh6 Rxf1+ (15... Bg7 $11 16. Be3 b6) 16. Rxf1 $16 Bg7 17. Bg5 Rf8 18. Re1 (18. Rxf8+ $11 Bxf8 19. Be3) 18... Nc8 (18... Qb6+ $15 19. Kg2 Qxb2 20. Bxe7 Bxc3 21. Bxf8 Bxe1) 19. e5 Nb6 20. Ne4 Nd5 (20... Qxe5 $11 21. c3 Na4) 21. Nf6+ (21. c4 $1 $16 {[%cal Rc4d5]} Nb6 22. Nf6+ Bxf6 23. exf6) 21... Nxf6 22. exf6 Bxf6 23. Qxe6+ Qf7 $2 {[%mdl 8192]} (23... Kg7 $11 {and Black is okay.} 24. Bxf6+ Rxf6) 24. Qxf7+ $2 (24. Bxf6 $18 {Strongly threatening Bd4.} Qxe6 25. Rxe6) 24... Rxf7 $11 25. Bxf6 Rxf6 $18 {[%mdl 4096] Endgame KR-KR} 26. Re2 Kf7 27. Kg2 Re6 28. Rd2 Ke7 29. Rf2 Rd6 30. Re2+ Kd7 31. Kh3 Kc7 32. Kg4 Kb6 (32... h6 $11) 33. Kg5 $1 $16 Rd5+ 34. Kh6 ({White should play} 34. Kf6 $1 $14) 34... Rh5+ $11 35. Kg7 Kc5 36. a3 b5 37. h4 a5 38. b3 b4 39. a4 $2 {[%mdl 8192] [#]} (39. axb4+ $11 Kxb4 40. Re6) 39... Kd4 $1 $19 40. Rf2 (40. Rh2 $142 g5 41. Kf6) 40... c5 $2 (40... Kc3 $19 {Threatening ...c5.} 41. Rg2 Kb2) 41. Kf6 $2 {[%mdl 8192] [#]} (41. Rf4+ $11 Ke3 42. Kg8) 41... c4 $2 (41... Rf5+ $1 $19 {[%mdl 512]} 42. Rxf5 gxf5) 42. Rf4+ $11 Kc3 43. Rxc4+ Kb2 44. g4 $2 (44. Kg7 $11 {and White has nothing to worry.}) 44... Rxh4 $19 45. Kg7 $2 (45. g5 Rh2 46. Kg7) 45... Rh3 $2 (45... g5 $19 {Hoping for ...Rh2.} 46. Kh8 Rh2) 46. g5 $2 {[%mdl 8192]} (46. Rc5 $15) 46... Rc3 47. Rc5 Rxc5 48. Kh6 {[%mdl 32768] Quite a comeback for Black. Accuracy: White = 39%, Black = 42%. . Sensor Board Error (Ke4/e5)?} 1-0

[Event "Stay Safe Play From Home 343"]
[Site "Emanuel Lasker Arena"]
[Date "2020.07.30"]
[Round "5"]
[White "Buzaglo"]
[Black "Lamborghini"]
[Result "0-1"]
[WhiteElo "1875"]
[BlackElo "2241"]
[Annotator "TA"]
[PlyCount "94"]
[EventDate "2020.07.30"]
[EventType "swiss (blitz)"]

{[%evp 15,93,32,71,-76,-84,-72,-35,-26,-31,-27,-18,-39,-49,-42,-45,-79,-79,-88,-92,-95,-27,-35,-16,-10,-27,-50,0,-61,-60,-59,-62,-73,-27,-47,-47,-71,-79,-106,-62,-71,-54,-54,-54,-50,-54,-52,-52,-52,-52,-52,-52,-65,-47,-105,-91,-195,-123,-129,-133,-200,-188,-259,-247,-359,-342,-1001,-987,-29986,-29987,-29989,-29990,-29990,-29991,-29991,-29972,-29991,-29992,-29996,-29992,-29999]} 1. d4 Nf6 2. Nf3 g6 3. g3 Bg7 4. Bg2 O-O 5. O-O d6 6. c4 c6 7. Nc3 Qa5 8. e4 Bg4 {[#]} 9. e5 $146 {E62: King's Indian: Fianchetto: 6...c6 and Panno Variation (6...Nc6) without ...a6.} (9. h3 $16 {stays on course.} Bxf3 10. Bxf3 (10. Qxf3 Nbd7 $14)) ({Predecessor:} 9. h3 Bxf3 10. Bxf3 Nbd7 11. Be3 c5 12. Rc1 cxd4 13. Bxd4 Bh6 14. Bxf6 Nxf6 15. Rc2 Rac8 16. b3 Rfe8 17. Qe2 Nd7 18. e5 Nxe5 19. Bxb7 Rc7 {½-½ (122) Cordova,E (2597)-Gabuzyan,H (2605) Burlingame 2019}) 9... dxe5 $17 10. dxe5 Bxf3 11. Qxf3 {Black is slightly better.} Qxe5 12. Bf4 Qa5 13. a3 Nbd7 14. b4 Qf5 15. Rfe1 e5 16. Be3 Qxf3 17. Bxf3 {[#]} Rfe8 (17... e4 $1 $17 {[%cal Re4f3][%mdl 512]} 18. Be2 (18. Nxe4 Nxe4) 18... Nd5 19. Nxd5 Bxa1 20. Rxa1 (20. Ne7+ Kg7 $17) 20... cxd5) 18. Rad1 $11 Bf8 19. c5 a5 20. Ne4 Nxe4 21. Bxe4 ({White should try} 21. Rxd7 $11 Nc3 22. Rxb7) 21... Nf6 $15 22. Bg2 axb4 23. axb4 Ra4 24. Bg5 Kg7 25. Bxf6+ Kxf6 26. Re4 Kg7 27. Rd7 Re7 28. Rxe7 $1 Bxe7 29. Rxe5 {[%mdl 4096] Endgame KRB-KRB} Bf6 30. Re4 $1 Ra1+ 31. Bf1 Rb1 32. Kg2 Rb2 33. Bd3 Bc3 34. Rc4 ({Better is} 34. b5 $1 $15) 34... Bxb4 $17 35. Re4 (35. g4 $17) 35... Kf6 (35... Bxc5 $19 36. Re2 Rb3) 36. Rf4+ Ke7 37. Bc4 (37. Re4+ $17 Kf6 38. Rf4+ Kg7 39. Rc4) 37... f5 $19 ({But not} 37... Bxc5 38. Rxf7+ Kd6 39. Rf6+ Ke5 40. Re6+ Kd4 41. Re2) 38. Rf3 (38. g4 {keeps fighting.}) 38... Bxc5 39. Rd3 (39. Bg8 $142) 39... Rxf2+ 40. Kh3 $2 (40. Kh1) 40... b5 41. Ba2 Rxa2 {KRB-KR. Black mates.} 42. Rd1 Bd6 43. Re1+ Kf6 44. Rd1 Bc5 45. Rd8 Bg1 {[%csl Gg1][%cal Ra2h2]} 46. Rf8+ {[#]} Kg7 $1 {[%csl Gg1][%cal Ra2h2]} 47. Rc8 Rxh2# {Accuracy: White = 51%, Black = 72%.} 0-1

[Event "Stay Safe Play From Home 343"]
[Site "Emanuel Lasker Arena"]
[Date "2020.07.30"]
[Round "5"]
[White "Oznog"]
[Black "AChessPlayer"]
[Result "0-1"]
[WhiteElo "1783"]
[BlackElo "2403"]
[Annotator "TA"]
[PlyCount "58"]
[EventDate "2020.07.30"]
[EventType "swiss (blitz)"]

{[%evp 16,58,54,50,65,0,2,-8,-1,-40,66,-22,168,99,111,-83,154,23,25,35,58,-65,0,0,0,-184,-175,-207,-206,-279,-271,-252,-77,-252,-259,-322,-163,-222,-233,-338,-156,-395,-377,-1759,-1704]} 1. d4 Nf6 2. c4 g6 3. Nc3 Bg7 4. e4 d6 5. Nge2 O-O 6. Ng3 c5 7. d5 e6 8. Be2 exd5 9. cxd5 a6 {A65: Modern Benoni: 6 e4.} 10. h4 (10. a4 $14) 10... h5 $11 11. Bg5 {[#]} b5 $146 {The position is equal.} ({Predecessor:} 11... Qc7 12. a4 Ng4 13. f3 Be5 14. Nf1 Nf6 15. g4 hxg4 16. fxg4 Bxc3+ 17. bxc3 Nxe4 {0-1 (30) Oliveira Jr,A (1842)-Da Costa,J (1800) Natal 2012}) 12. Bxh5 b4 (12... gxh5 $15 13. Nxh5 Nbd7) 13. Nb1 ({White should play} 13. Nce2 $1 $14) 13... Re8 $2 (13... gxh5 $11 14. Nxh5 Nbd7) 14. Bf3 (14. Be2 $18) 14... Nbd7 15. h5 $2 (15. Be2 $16 {and life is bright.}) 15... Ne5 $2 (15... Nxe4 $1 $17 {keeps the pressure on.} 16. Bxd8 Nxg3+ 17. Kd2 Nxh1 18. Qxh1 Bxb2) 16. hxg6 ({White should try} 16. Be2 $1 $16) 16... fxg6 17. Nd2 Qc7 18. Bh6 (18. Be2 $14) 18... c4 ({Better is} 18... Bxh6 $15 19. Rxh6 Qg7) 19. Bxg7 Qxg7 20. Qe2 $2 (20. Be2 $11 {and White has nothing to worry.}) 20... a5 $19 21. Nxc4 Ba6 22. b3 Nxc4 $1 23. bxc4 Nxd5 $2 (23... Nxe4 $1 $19 {has better winning chances.} 24. Nxe4 Qxa1+ 25. Qd1 Qe5) 24. Rd1 $2 {[#]} (24. O-O $17) 24... Nc3 $1 {[%csl LRd1,LRe2][%cal Rc3e2][%mdl 64] Double Attack} 25. Qd2 Nxd1 (25... Bxc4 $142 {...d5 is the strong threat.} 26. Rc1 d5) 26. Qd5+ {[#]} Kf8 $1 27. Bxd1 (27. Qxd6+ $142 Re7 28. Bxd1) 27... Rad8 (27... Qc3+ $19 {is more deadly.} 28. Qd2 Bxc4) 28. Bg4 $2 (28. Bb3 $17) 28... Qc3+ {[%mdl 64] Double Attack} 29. Ke2 $2 (29. Qd2 Qxd2+ 30. Kxd2) 29... Bxc4+ {Accuracy: White = 11%, Black = 45%.} 0-1